Statistiques concernant Personnalités francophones en M

Cliquez ici pour prendre le quiz!

Statistiques générales

  • Ce quiz a été pris 17 215 fois
  • Le résultat moyen est 10 sur 16

Statistiques - réponses

Réponse% Correct
Kyllian Mbappe
99%
Mika
95%
Michou
93%
Jean-Luc Mélenchon
92%
François Mitterrand
86%
Paul Mirabel
86%
Laure Manaudou
85%
Christophe Mae
84%
Kad Merad
84%
Iris Mittenaere
63%
Sophie Marceau
52%
Thierry Marx
37%
Benoît Magimel
24%
Yves Montand
19%
Guillaume Meurice
18%
Jeanne Moreau
11%

Distribution des résultats

Percentile par nombre de réponses

% des personnes avec chaque résultat

Votre développement - résultats

Vous n’avez pas pris ce quiz